Patrimonio de la humanidad (Record no. 128469)
[ view plain ]
| 000 -LEADER | |
|---|---|
| fixed length control field | nam a22 7a 4500 |
| 005 - DATE AND TIME OF LATEST TRANSACTION | |
| control field | 20200129095129.0 |
| 008 - FIXED-LENGTH DATA ELEMENTS--GENERAL INFORMATION | |
| fixed length control field | 200129b mx ||||| |||| 00| 0 spa d |
| 020 ## - INTERNATIONAL STANDARD BOOK NUMBER | |
| International Standard Book Number | 9686658361 |
| 050 04 - LIBRARY OF CONGRESS CALL NUMBER | |
| Classification number | NA750 |
| Item number | P37 2001 |
| 050 04 - LIBRARY OF CONGRESS CALL NUMBER | |
| Classification number | N8931 |
| Item number | P38 1998 |
| 245 00 - TITLE STATEMENT | |
| Title | Patrimonio de la humanidad |
| Remainder of title | : ciudades mexicanas |
| Statement of responsibility, etc | / coordinación editorial Victor Manuel Espíndola; Fotografia Adalberto Ríos Szalay; dirección de arte Mauricio Martínez Rosas. |
| 250 ## - EDITION STATEMENT | |
| Edition statement | 1a ed. |
| 260 ## - PUBLICATION, DISTRIBUTION, ETC. (IMPRINT) | |
| Place of publication, distribution, etc | México : |
| Name of publisher, distributor, etc | Secretaria de Educación Pública ; |
| -- | Fondo Editorial de la Plástica Mexicana, |
| Date of publication, distribution, etc | 1998. |
| 300 ## - PHYSICAL DESCRIPTION | |
| Extent | 165 p. : |
| Other physical details | il. ; |
| Dimensions | 30 cm. |
| 650 #7 - SUBJECT ADDED ENTRY--TOPICAL TERM | |
| Source of heading or term | lemb |
| Topical term or geographic name as entry element | Arquitectura |
| Geographic subdivision | México |
| 650 #7 - SUBJECT ADDED ENTRY--TOPICAL TERM | |
| Source of heading or term | lemb |
| Topical term or geographic name as entry element | Ciudades |
| Geographic subdivision | México |
| General subdivision | Historia |
| 650 #7 - SUBJECT ADDED ENTRY--TOPICAL TERM | |
| Source of heading or term | lemb |
| Topical term or geographic name as entry element | Propiedad cultural |
| General subdivision | Protección |
| Geographic subdivision | México |
| 650 #7 - SUBJECT ADDED ENTRY--TOPICAL TERM | |
| Source of heading or term | lemb |
| Topical term or geographic name as entry element | Ciudades y pueblos |
| General subdivision | Conservación y restauración |
| Geographic subdivision | México |
| 700 1# - ADDED ENTRY--PERSONAL NAME | |
| Personal name | Espíndola, Victor Manuel., |
| Relator term | coordinador |
| 700 1# - ADDED ENTRY--PERSONAL NAME | |
| Personal name | Ríos Szalay, Adalberto., |
| Relator term | ilustrador |
| 700 1# - ADDED ENTRY--PERSONAL NAME | |
| Personal name | Martínez Rosas, Mauricio., |
| Relator term | director |
| 942 ## - ADDED ENTRY ELEMENTS (KOHA) | |
| Source of classification or shelving scheme | Biblioteca del Cogreso de los Estados Unidos |
| Koha item type | Libro |
| Estado de pérdida | Fuente de clasificación | Estado del daño | No para préstamo | Ubicación permanente | Ubicación actual | Apartado o colección | Fecha de adquisición | Edición | Área del conocimiento | Clasificación | Código de Barras | Date last seen | Número de copia | Tipo de recurso | Fuente de adquisición | Dependencia de educación superior (DES) | Costo por reposición |
|---|---|---|---|---|---|---|---|---|---|---|---|---|---|---|---|---|---|
| Biblioteca del Cogreso de los Estados Unidos | Biblioteca de la Facultad de Arquitectura | Biblioteca de la Facultad de Arquitectura | General | 03/10/2018 | 1a ed. | Educación y Humanidades | NA750 P37 2001 | BFA000003330 | 03/10/2018 | C:1 | Libro | ||||||
| Biblioteca del Cogreso de los Estados Unidos | Biblioteca del Instituto de Investigaciones Económicas y Empresariales | Biblioteca del Instituto de Investigaciones Económicas y Empresariales | General | 29/01/2020 | 1a ed. | Educación y Humanidades | N8931 P38 1998 | IIE000006639 | 29/01/2020 | 1 | Libro | Unidad Académica | Ciencias Económico Administrativas | 1.00 |